[Event "15th Governor Cup 2019"]
[Site "Khanty-Mansiysk"]
[Date "2019.11.19"]
[Round "1.1"]
[White "Chekletsov, Ilya"]
[Black "Rakhmanov, Aleksandr"]
[Result "0-1"]
[WhiteElo "2386"]
[BlackElo "2638"]
[Annotator "TA"]
[PlyCount "98"]
[EventDate "2019.11.19"]
[EventType "swiss"]
[EventCountry "RUS"]
[SourceTitle "playchess.com"]
[Source "ChessBase"]
[SourceQuality "1"]

{[%evp 12,98,-12,-19,-14,-18,-22,-31,-32,-40,-30,-40,-40,-41,-37,-44,-18,-47,-38,-48,-52,-67,-39,-92,-89,-92,-89,-101,-93,-135,-125,-123,-126,-131,-48,-57,0,0,0,-14,-14,-73,-59,-51,-61,-58,-60,-84,-47,-79,-79,-79,-79,-82,-89,-83,-101,-95,-58,-63,-72,-81,-45,-102,-105,-130,-130,-123,-164,-456,-445,-527,-295,-387,-374,-360,-338,-338,-338,-330,-388,-477,-367,-562,-541,-3987,-2015,-29987,-29988]} 1. d4 d6 2. c4 e5 3. dxe5 dxe5 4. Qxd8+ Kxd8 5. Nc3 Be6 6. b3 Nd7 7. Bb2 c6 {A41: 1 d4 d6: Tartakower System and Modern Defence} 8. Nf3 (8. e3 f6 9. Bd3 Nh6 10. h3 Kc7 11. O-O-O Nc5 12. Bc2 a5 13. Nge2 a4 14. g4 axb3 15. axb3 {½-½ (56) Lei,T (2480)-Cheparinov,I (2698) Ho Chi Minh City 2017}) 8... f6 9. Rg1 h5 {Black is slightly better.} 10. e3 Kc7 11. Bd3 $146 ({Predecessor:} 11. Be2 a5 12. Nd2 Ne7 13. h3 h4 14. Nde4 Nc8 {½-½ (67) Nilssen,J (2364)-Skousen,N (2198) Copenhagen 2012}) 11... a5 12. Na4 Nh6 13. Ke2 Nf5 14. Rac1 Nc5 15. Nxc5 Bxc5 16. Bc3 Bb4 17. Bxb4 ({White should try} 17. a4 $15) 17... axb4 $17 18. Bb1 Nd6 19. Rgd1 c5 20. Nd2 h4 21. f3 f5 22. Rc2 f4 (22... g5 $17 23. Ke1 Bd7) 23. Rb2 $15 Bf5 (23... b5 $15 24. Ne4 Nxe4 25. Bxe4 bxc4 26. Bxa8 c3) 24. Ne4 $11 Bxe4 25. Bxe4 h3 26. Kd3 (26. Rg1 $11 {remains equal.}) 26... Rad8 ({Reject} 26... Nxe4 $6 27. Kxe4 fxe3 28. Kxe3 $11) 27. Bd5 Nf5 $36 {[%mdl 2048] Black is more active.} 28. exf4 exf4 29. Rg1 Rhe8 {Threatens to win with ...Nd4.} 30. gxh3 Re3+ 31. Kc2 Rd7 {[%mdl 1024] Black has strong compensation.} 32. Kb1 Nd4 33. Rf2 Ne2 34. Rg4 b5 35. Kc2 bxc4 36. bxc4 Kb6 37. Rg6+ (37. Rfg2 $15) 37... Ka5 $17 38. h4 Rde7 {And now ...Ra3 would win.} 39. Be4 {[#]} Nc3 $1 40. Bf5 $2 (40. Rc6 {might work better.} Nxe4 41. fxe4) 40... Nxa2 $19 {( -> ...Re2+)} 41. Kb2 b3 {...Nc3 is the strong threat.} 42. Ka3 Nb4 43. Rd2 Rb7 44. Kb2 Ka4 45. Rgd6 {[#]} Na2 $1 46. Ra6+ Kb4 47. Be4 (47. Ra3 $142) 47... Rb8 48. Bc6 {[%csl Gc6][%cal Ra6a4]} Nc3 49. h5 Re1 {Accuracy: White = 39%, Black = 76%.} 0-1

[Event "15th Governor Cup 2019"]
[Site "Khanty-Mansiysk"]
[Date "2019.11.19"]
[Round "1.2"]
[White "Ponkratov, Pavel"]
[Black "Obgolts, Erik"]
[Result "1/2-1/2"]
[WhiteElo "2619"]
[BlackElo "2371"]
[Annotator "TA"]
[PlyCount "81"]
[EventDate "2019.11.19"]
[EventType "swiss"]
[EventCountry "RUS"]
[SourceTitle "playchess.com"]
[Source "ChessBase"]
[SourceQuality "1"]

{[%evp 12,81,43,27,27,21,32,39,34,26,31,37,26,43,23,25,24,0,0,0,0,0,17,0,23,18,160,12,16,13,10,11,23,9,17,8,13,8,15,4,4,6,10,7,7,0,0,-21,-21,-21,-21,-21,-21,-21,-21,-21,-21,-21,-21,-21,-21,-21,-21,-21,-21,-21,-21,-21,-21,-21,-21,-21]} 1. e4 g6 2. d4 Bg7 3. Nc3 c6 4. f4 d5 5. e5 Nh6 6. Nf3 f6 7. Bd3 O-O {B15: Caro-Kann: 3 Nc3: 3...g6 and 3...dxe4 4 Nxe4 Nf6 5 Nxf6+ exf6} 8. h3 c5 $146 ({Predecessor:} 8... Nf5 9. Bxf5 Bxf5 10. Qe2 Na6 11. g4 Bc8 12. Be3 b5 13. Qg2 Qb6 14. O-O-O b4 15. Na4 {1-0 (41) Kravtsiv,M (2623)-Iordachescu,V (2600) Al Ain 2015}) 9. exf6 Bxf6 {White is slightly better.} 10. dxc5 Qa5 11. Bd2 Qxc5 12. Qe2 Nf5 13. Qf2 $36 {[%mdl 2048] White has some pressure.} Nd4 14. Nxd4 Bxd4 15. Qf3 Bxc3 16. Bxc3 Nc6 {[#] White must now prevent ...e5!} 17. Qg3 d4 (17... e5 {is interesting.} 18. Bxg6 hxg6 19. Qxg6+ Kh8 20. Qh6+ Kg8) 18. Bd2 Nb4 (18... a5 $11 {remains equal.}) 19. O-O (19. Bxg6 $1 $16 {Hoping for Be4+.} hxg6 20. Qxg6+ Kh8 21. Qh6+ Kg8 22. Qg6+ Kh8 23. c3) 19... Nxd3 $11 20. cxd3 Bf5 21. Rfe1 Rf7 22. Rac1 Qb5 {The position is equal.} 23. Rc7 Re8 24. b3 Qxd3 25. Qxd3 Bxd3 26. Rxb7 e6 27. Rxf7 Kxf7 {[%mdl 4096] Endgame KRB-KRB} 28. Rc1 e5 29. Rc7+ Re7 30. Rxe7+ Kxe7 31. fxe5 {KB-KB} Ke6 32. Bf4 Bb1 33. a3 Bc2 34. b4 Kf5 35. g3 g5 36. Bc1 h6 37. Kf2 Kxe5 38. h4 gxh4 39. gxh4 h5 40. Ke2 Ke4 41. Bg5 {Accuracy: White = 60%, Black = 66%.} 1/2-1/2

[Event "15th Governor Cup 2019"]
[Site "Khanty-Mansiysk"]
[Date "2019.11.19"]
[Round "1.3"]
[White "Guseva, Marina"]
[Black "Kokarev, Dmitry"]
[Result "0-1"]
[WhiteElo "2366"]
[BlackElo "2601"]
[Annotator "TA"]
[PlyCount "80"]
[EventDate "2019.11.19"]
[EventType "swiss"]
[EventCountry "RUS"]
[SourceTitle "playchess.com"]
[Source "ChessBase"]
[SourceQuality "1"]

{[%evp 15,80,39,61,41,23,27,19,-4,0,0,0,0,0,0,4,-77,-53,-52,-16,-82,-84,-116,-129,-119,-96,-96,-78,-108,-39,-45,-19,-16,0,-14,0,-2,0,0,0,-65,0,0,0,0,58,62,64,75,112,0,112,-28,-35,-341,-336,-377,0,0,0,0,0,-520,-437,-706,-680,-29998,-29999]} 1. d4 g6 2. c4 Bg7 3. e4 d6 4. Nc3 Nf6 5. f3 O-O 6. Nge2 Nc6 7. Be3 a6 8. Qd2 Bd7 9. Rc1 {E83: King's Indian: Sämisch Panno (6...Nc6): Lines without either Nge2 or Qd2} b5 10. cxb5 axb5 11. b3 {The position is equal.} b4 12. Nd1 Qb8 13. Nf2 e5 14. d5 Ne7 15. Nd3 {[#]} (15. Ng3 $11) 15... c5 $146 ({Predecessor:} 15... c6 16. Nxb4 cxd5 17. Nxd5 Nfxd5 18. exd5 {0-1 (36) Pucher,S (2309)-Chigaev,M (2634) Metz 2019}) 16. Rc2 Ne8 17. g4 (17. Nxc5 $11 dxc5 18. Bxc5 {[%mdl 64] Double Attack}) 17... f5 $17 18. gxf5 gxf5 19. Rg1 Ng6 20. Bg5 f4 21. Nec1 Bf6 (21... Kf7 $17 {And now ...h6 would win.} 22. Qf2 Rg8) 22. h4 $15 Kh8 23. Qh2 Qd8 24. Rcg2 Bxg5 25. Rxg5 Nf6 26. h5 Ne7 27. Bh3 (27. Qb2 $11) 27... h6 (27... Bb5 $15) 28. Rg7 $11 {Strongly threatening Nxf4!} Rg8 $36 {[%mdl 2048] Black is more active.} 29. Rf7 Bxh3 (29... Nh7 $1 $11 30. Nxf4 Rxg1+ 31. Qxg1 Ng5 {[%mdl 64] Double Attack} 32. Rxe7 Be8 33. Rxe8+ {[%mdl 64] Remove Defender} Qxe8 34. Ng6+ Qxg6 35. hxg6 Nxf3+ {[%mdl 64] Double Attack} 36. Kf2 Nxg1 37. Kxg1 h5) 30. Rxf6 $14 {[%cal Rf6h6]} Rxg1+ 31. Qxg1 {[%cal Rf6h6]} Ng8 32. Rg6 (32. Rf7 $16 {[%csl Gf7][%cal Rg1g7]} Qg5 33. Qxg5 hxg5 34. Nf2) 32... Qh4+ (32... Bc8 $11 {remains equal.}) 33. Nf2 (33. Qf2 $1 $16 {[%cal Rf2h4]} Qe7 34. Nb2) 33... Qxh5 $11 34. Rxd6 $2 {[%mdl 8192]} (34. Rg7 $1 $15 Rd8 35. Nxh3 Qxh3 36. Qg6 Qg3+ 37. Qxg3 fxg3 38. Rf7) 34... Qxf3 $19 35. Qh2 {[#]} Qe3+ $2 ({Black should try} 35... Bg2 $1 $19 36. Rxh6+ Kg7) 36. Kd1 $11 Qd4+ 37. Kc2 c4 {( -> ...cxb3+)} 38. bxc4 $2 {[%mdl 8192]} (38. Kb1 $11 {and White is okay.}) 38... Qxc4+ 39. Kb1 {[#]} (39. Kd1 $142 Qd4+ 40. Kc2 Qc5+ 41. Kd1 Qxd6 42. Qxh3) 39... b3 $1 $19 {[%mdl 512]} 40. a4 (40. axb3 Qc3) 40... Qc2+ 0-1

[Event "15th Governor Cup 2019"]
[Site "Khanty-Mansiysk"]
[Date "2019.11.19"]
[Round "1.4"]
[White "Sakaev, Konstantin"]
[Black "Najdin, Danil"]
[Result "1-0"]
[WhiteElo "2595"]
[BlackElo "2357"]
[Annotator "TA"]
[PlyCount "63"]
[EventDate "2019.11.19"]
[EventType "swiss"]
[EventCountry "RUS"]
[SourceTitle "playchess.com"]
[Source "ChessBase"]
[SourceQuality "1"]

{[%evp 22,63,35,35,34,0,14,-11,-18,-12,-19,-14,-24,-15,16,13,19,12,80,72,133,99,262,220,424,425,418,423,391,413,410,393,743,733,693,604,618,601,597,589,792,402,378,308]} 1. d4 Nf6 2. c4 g6 3. Nc3 d5 4. cxd5 Nxd5 5. e4 Nxc3 6. bxc3 Bg7 7. Be3 c5 8. Nf3 Qa5 9. Qd2 Nc6 10. Rb1 cxd4 11. cxd4 Qxd2+ 12. Kxd2 O-O {D85: Exchange Grünfeld: Unusual White 7th moves and lines with 7 Nf3} 13. d5 (13. Bd3 e6 14. Rhc1 Rd8 15. Rc4 Bd7 16. Bg5 f6 17. Be3 b6 18. Ke2 Rac8 19. Rbc1 Bf8 20. g4 {0-1 (61) Akobian,V (2647)-Hansen,E (2629) chess.com INT 2018}) 13... Rd8 14. Kc2 Na5 {The position is equal.} 15. Bd2 $146 ({Predecessor:} 15. Bg5 f6 16. Bd2 b6 17. Bxa5 bxa5 18. Bc4 Kf8 19. Bb5 Bd7 20. Bxd7 Rxd7 {1-0 (39) Kozak,A (2036)-Biro,G (2115) Budapest 2012}) 15... b6 16. Bxa5 $1 bxa5 17. Bc4 Bd7 18. Kd3 Rac8 19. Rhc1 f5 (19... Bh6 $11) 20. e5 $1 $16 f4 {[#]} ({Better is} 20... Kf8) 21. Kd4 $1 ({But not} 21. d6+ $6 Kf8 $14) 21... Bc6 $2 {[#]} (21... Bf5 $16) 22. Ng5 $1 $18 {Strongly threatening d6+.} Ba8 $2 (22... Bd7 23. d6+ Rxc4+ 24. Kxc4 exd6) 23. d6+ Rxc4+ 24. Kxc4 {And now Ne6 would win.} Bxe5 25. dxe7 Re8 26. Re1 Bf6 $2 {[#]} (26... Bd6 27. Rbd1 Bxe7) 27. Rb8 $3 {[%mdl 512]} Bc6 (27... Rxb8 28. e8=Q+) 28. Rxe8+ Bxe8 29. Nf3 Kf7 30. Ne5+ Kxe7 31. Nxg6+ Kd7 32. Rxe8 {Accuracy: White = 55%, Black = 22%.} 1-0

[Event "15th Governor Cup 2019"]
[Site "Khanty-Mansiysk"]
[Date "2019.11.19"]
[Round "1.5"]
[White "Zakaryan, David"]
[Black "Timofeev, Artyom"]
[Result "0-1"]
[WhiteElo "2338"]
[BlackElo "2595"]
[Annotator "TA"]
[PlyCount "71"]
[EventDate "2019.11.19"]
[EventType "swiss"]
[EventCountry "RUS"]
[SourceTitle "playchess.com"]
[Source "ChessBase"]
[SourceQuality "1"]

{[%evp 15,71,21,58,73,59,33,27,17,31,-17,0,-29,-33,-41,-46,-43,-28,-47,-51,-55,-44,-56,-53,-60,-66,-57,-43,-154,-158,-240,-140,-189,-178,-359,-364,-501,-493,-479,-461,-513,-521,-614,-529,-792,-499,-1242,-1182,-1628,-1595,-1480,-722,-1439,-1408,-29982,-29983,-29983,-29983,-12834]} 1. Nf3 c5 2. e4 d6 3. d4 cxd4 4. Nxd4 Nf6 5. Nc3 a6 6. h3 e6 7. g4 h6 8. Bg2 g5 9. Qe2 {B81: Sicilian Scheveningen: Keres Attack} (9. Be3 Nbd7 10. Qe2 Ne5 11. O-O-O Nfd7 12. h4 Rg8 13. hxg5 hxg5 14. Kb1 b5 15. f4 gxf4 16. Bxf4 Bb7 {½-½ (56) Karjakin,S (2773)-Mamedyarov,S (2801) Saint Louis 2018}) 9... Nbd7 10. h4 Rg8 $1 11. hxg5 {White has an edge.} hxg5 12. Rh3 $146 ({Predecessor:} 12. f4 gxf4 13. g5 e5 14. gxf6 exd4 15. Nd5 Nxf6 16. Bxf4 {0-1 (44) Klein,F (2338)-Pauly,C (2295) Germany 2018}) 12... Ne5 13. Rg3 b5 {[%cal Bb7b5,Bb5b4][%mdl 32]} 14. b3 b4 15. Na4 Bd7 16. Nb2 Qc7 $36 {[%mdl 2048] White is under pressure.} 17. Bd2 Qc5 18. c3 Nfxg4 19. Rc1 bxc3 $1 20. Bxc3 Nf6 21. Nd3 (21. Qd2 $15) 21... Qb6 $17 22. Bb2 (22. Nxe5 $17 dxe5 23. Nc2) 22... Be7 (22... g4 $19 {And now ...Nh5 would win.} 23. Rc2 Rd8) 23. Rh3 g4 24. Rh6 $2 {[#]} (24. Rh1 {was worth a try.}) 24... g3 $19 25. f4 Nxd3+ 26. Qxd3 e5 27. Qd2 Ng4 28. Rh7 Rd8 29. Bc3 exd4 30. Ba5 (30. Bxd4 $142 Qb7 31. Rc3) 30... Qb5 31. Bxd8 Bxd8 32. Qxd4 Qa5+ (32... Ba5+ $142 33. Kd1 Bb6) 33. Qd2 Ne3 34. b4 Nxg2+ 35. Kf1 {[#]} Ne3+ $1 36. Qxe3 {Accuracy: White = 21%, Black = 70%.} 0-1

[Event "15th Governor Cup 2019"]
[Site "Khanty-Mansiysk"]
[Date "2019.11.19"]
[Round "1.6"]
[White "Rozum, Ivan"]
[Black "Maltsevskaya, Aleksandra"]
[Result "1-0"]
[WhiteElo "2593"]
[BlackElo "2332"]
[Annotator "TA"]
[PlyCount "117"]
[EventDate "2019.11.19"]
[EventType "swiss"]
[EventCountry "RUS"]
[SourceTitle "playchess.com"]
[Source "ChessBase"]
[SourceQuality "1"]

{[%evp 19,117,38,34,33,55,0,19,18,16,22,8,0,8,2,28,27,57,59,66,56,54,54,81,81,83,41,43,36,83,85,74,79,88,90,88,88,99,99,99,97,104,64,76,70,73,50,93,88,222,218,220,191,193,193,210,54,65,0,89,84,213,214,410,403,385,366,429,334,460,433,400,379,604,588,535,457,509,384,398,389,331,302,302,302,302,295,485,485,478,462,465,433,1577,1363,12843,12843,12844,12844,12845,12845]} 1. c4 e5 2. g3 Nf6 3. Bg2 d5 4. cxd5 Nxd5 5. Nf3 Nc6 6. O-O Be7 7. d4 exd4 8. Nxd4 Nxd4 9. Qxd4 Nf6 10. Qa4+ c6 11. Rd1 {A20: English Opening: 1...e5} Qb6 12. Na3 ({White should try} 12. Be3 $14 Bc5 13. Bxc5 Qxc5 14. Nc3) 12... Ng4 $146 ({Predecessor:} 12... O-O 13. Nc4 Qb4 14. Qxb4 Bxb4 15. Bd2 Bxd2 16. Rxd2 Be6 17. Na5 Rab8 18. e4 Rfc8 {½-½ (34) Lalic,B (2484)-Cocconcelli,L (2040) Cesenatico 2013}) 13. e3 {The position is equal.} O-O 14. h3 Nf6 15. b3 Be6 16. Bb2 Rfd8 17. Nc4 Qb4 18. Qxb4 Bxb4 19. a3 Rxd1+ 20. Rxd1 Bxc4 21. bxc4 Be7 22. Kf1 Rd8 23. Rb1 {Bxf6 is the strong threat.} Nd7 24. Bd4 c5 25. Bc3 b6 26. Ke2 Bf6 27. Be1 Kf8 28. f4 g6 29. g4 g5 30. Bc6 gxf4 31. exf4 Bd4 32. Kf3 Kg7 33. Bh4 f6 {[#]} (33... Nf6 $16) 34. Re1 $1 $18 {[%cal Re1e7] Threatens to win with Re7+.} Kf7 35. a4 Nb8 36. Bd5+ Kf8 37. Ke4 $2 (37. Re6 $18) 37... Na6 $1 $14 38. Kf3 (38. Bb7 $14 Nb4 39. Kf5) 38... Nc7 (38... Nb8 $1 $11 {remains equal.}) 39. Be4 $16 Kg7 {[#]} (39... h6 $16) 40. Bxh7 $1 $18 {[%mdl 512]} Kf7 $2 (40... Kxh7 {is a better defense.} 41. Re7+ {[%mdl 64] Double Attack} Kg8) 41. g5 Ne8 42. Be4 Nd6 43. Bd3 Rh8 44. g6+ Kf8 45. Bg3 Rxh3 (45... f5 $142 46. Re6 Ne8) 46. Kg4 Rh8 47. Re6 Ne8 48. Be4 {Black must now prevent f5.} f5+ 49. Bxf5 Rh1 {and the idea ...Nf6+ leaves Black hopeful.} 50. Re1 Rxe1 51. Bxe1 {[%mdl 4096] Endgame KBB-KBN} Nd6 52. Bd3 a6 $2 (52... Kg7 53. Bd2 Ba1) 53. Bg3 {White is clearly winning.} Ke7 54. f5 Kd7 55. Bh4 b5 (55... Ne8 $142 56. Kf3 Bg7) 56. cxb5 axb5 57. Bxb5+ Nxb5 58. axb5 c4 59. f6 {Accuracy: White = 63%, Black = 36%.} 1-0

[Event "15th Governor Cup 2019"]
[Site "Khanty-Mansiysk"]
[Date "2019.11.19"]
[Round "1.7"]
[White "Skatchkov, Valery"]
[Black "Volkov, Sergey"]
[Result "0-1"]
[WhiteElo "2309"]
[BlackElo "2572"]
[Annotator "TA"]
[PlyCount "66"]
[EventDate "2019.11.19"]
[EventType "swiss"]
[EventCountry "RUS"]
[SourceTitle "playchess.com"]
[Source "ChessBase"]
[SourceQuality "1"]

{[%evp 9,66,33,27,23,64,0,0,0,-6,-6,10,13,26,14,27,21,15,13,27,25,13,-30,-29,-54,-45,-45,-49,-81,-16,-283,-266,-291,-275,-281,-273,-307,-293,-308,-302,-312,-298,-310,-289,-287,-301,-343,-343,-335,-344,-397,-388,-442,-381,-444,-440,-439,-439,-527,-525]} 1. d4 d5 2. c4 c6 3. Nf3 Nf6 4. Nc3 a6 5. Qc2 g6 6. Bg5 {D15: Slav Defence: 4 Nc3 a6 and gambit lines after 4 Nc3 dxc4} Nbd7 (6... Be6 7. e4 dxe4 8. Nxe4 Nbd7 9. Nxf6+ exf6 10. Bd2 Bg7 11. Be2 O-O 12. O-O Bf5 13. Qb3 {1-0 (40) Gelfand,B (2695)-Artemiev,V (2704) Poikovsky 2018}) 7. e4 (7. e3 $14) 7... Nxe4 $146 ({Predecessor:} 7... dxe4 8. Nxe4 Qa5+ 9. Bd2 Qc7 10. Ng3 Bg7 11. Bd3 c5 12. d5 Ne5 13. Nxe5 Qxe5+ {1-0 (60) Grandell,A (2268)-Duijn,R (2169) Porto Carras 2018}) 8. Nxe4 {The position is equal.} dxe4 9. Qxe4 h6 10. Bd2 Bg7 11. Be2 c5 12. dxc5 Qc7 13. c6 Qxc6 14. Qxc6 bxc6 15. Rb1 Nc5 16. Bc3 Bxc3+ 17. bxc3 Bf5 $36 {[%mdl 2048] Black has some pressure.} 18. Rb6 Na4 (18... Be4 $17) 19. Rxc6 $2 {[%mdl 8192] [#]} (19. Rb3 $11 {and White stays safe.}) 19... Be4 $19 20. Nd4 {intending Bf3.} Kd7 (20... Nxc3 21. Rb6 $15) 21. Bg4+ e6 22. Bxe6+ fxe6 23. Rxe6 Rhe8 ({Less strong is} 23... Bxg2 24. Rg1 $17) (23... Nxc3 24. Kd2 $17) (23... Nc5 24. Rb6 $19) 24. Rxe8 Rxe8 ({Not} 24... Kxe8 25. Kd2 $17) 25. Kd2 Nb6 ({Much less strong is} 25... Bxg2 26. Rb1 $19) 26. c5 Nc4+ 27. Kc1 Bxg2 28. Rg1 Bd5 29. c6+ Kc7 30. h4 Ne5 31. Kd2 Rf8 {Black is clearly winning.} 32. Ke3 Rf6 33. h5 g5 {Accuracy: White = 30%, Black = 70%.} 0-1

[Event "15th Governor Cup 2019"]
[Site "Khanty-Mansiysk"]
[Date "2019.11.19"]
[Round "1.8"]
[White "Bocharov, Ivan"]
[Black "Chinguun, Sumiya"]
[Result "1-0"]
[WhiteElo "2571"]
[BlackElo "2307"]
[Annotator "TA"]
[PlyCount "79"]
[EventDate "2019.11.19"]
[EventType "swiss"]
[EventCountry "RUS"]
[SourceTitle "playchess.com"]
[Source "ChessBase"]
[SourceQuality "1"]

{[%evp 28,79,54,46,51,48,50,45,52,39,53,31,39,28,96,48,91,74,121,86,81,77,172,149,114,95,113,94,116,111,158,123,186,232,226,230,230,241,232,141,337,340,420,423,417,414,412,440,427,419,864,842,5365,5206]} 1. e4 c5 2. Nf3 Nc6 3. d4 cxd4 4. Nxd4 g6 5. c4 Nf6 6. Nc3 Bg7 7. Be3 d6 8. f3 O-O 9. Be2 Bd7 10. O-O Nxd4 11. Bxd4 a5 12. b3 Bc6 13. Rc1 Nd7 14. Be3 Nc5 15. Qd2 Be5 {B38: Sicilian: Maroczy Bind with 5...Bg7 and 7...0-0} 16. Bd1 {[#]} e6 $146 ({Predecessor:} 16... Qb6 17. Nd5 Bxd5 18. exd5 Qb4 19. Rf2 Rfc8 20. f4 Bf6 21. Bc2 Qxd2 22. Rxd2 a4 23. Rb1 axb3 24. axb3 {½-½ (37) Krush,I (2467)-Iturrizaga Bonelli,E (2649) Caleta 2015}) 17. Bc2 Qh4 {White is slightly better.} 18. h3 Qe7 19. Ne2 f5 {[%cal Rf5e4]} 20. exf5 gxf5 (20... exf5 $11 21. Rfe1 Ne6) 21. Rfe1 Rf7 22. Nd4 Bg3 23. Bf2 Bxf2+ 24. Qxf2 Qg5 (24... Raf8 $16) 25. Rcd1 $18 Bd7 26. f4 Qh6 27. Nf3 $36 {[%mdl 2048] White has strong initiative.} Qf8 28. a3 Rc8 29. Qd2 a4 (29... Rg7 $16 {might work better.}) 30. b4 Nb3 31. Qxd6 Qxd6 32. Rxd6 {[#] Ne5 is the strong threat.} Rxc4 33. Bd3 Rxf4 $2 (33... Rc6 $16 34. Rxc6 Bxc6) 34. Ne5 Rd4 35. Rxd4 ({Not} 35. Nxf7 Kxf7 36. Rxd4 Nxd4 $16) 35... Nxd4 36. Rd1 ({Less strong is} 36. Nxf7 Kxf7 37. Kf2 Kf6 $16) 36... Bc8 37. Bc4 (37. Nxf7 Kxf7 38. Bc4 Nc6 $18) 37... Nc6 38. Nxc6 ({Weaker is} 38. Nxf7 Kxf7 39. Bb5 Ke7 $18) 38... bxc6 (38... Rc7 $142 39. Ne7+ Rxe7 40. Rd8+ {[%mdl 64] Double Attack} Kf7 41. Rxc8 Rd7) 39. Rd8+ {[%mdl 64] Double Attack} Rf8 {[#]} 40. Rxc8 $1 {[%mdl 512] Accuracy: White = 73%, Black = 24%.} 1-0

[Event "15th Governor Cup 2019"]
[Site "Khanty-Mansiysk"]
[Date "2019.11.19"]
[Round "1.9"]
[White "Shafigullina, Zarina"]
[Black "Goganov, Aleksey"]
[Result "1/2-1/2"]
[WhiteElo "2295"]
[BlackElo "2565"]
[Annotator "TA"]
[PlyCount "135"]
[EventDate "2019.11.19"]
[EventType "swiss"]
[EventCountry "RUS"]
[SourceTitle "playchess.com"]
[Source "ChessBase"]
[SourceQuality "1"]

{[%evp 19,135,-19,-24,-3,0,-39,-47,-45,-29,-35,-29,-31,-34,-39,-35,-33,-25,-30,-36,-34,-23,-50,-26,-61,27,17,16,22,35,33,37,33,103,103,116,114,112,59,99,56,60,37,40,0,0,0,352,64,86,77,87,75,71,64,47,49,154,112,147,134,153,103,84,84,122,134,131,102,102,102,111,112,105,102,112,104,98,101,111,83,77,22,118,113,114,108,109,0,97,57,181,174,165,97,92,91,94,30,138,60,62,50,194,68,58,0,0,0,0,0,0,0,0,0,0,0,0,0]} 1. Nf3 Nf6 2. g3 b6 3. Bg2 Bb7 4. b3 e6 5. Bb2 Be7 6. d3 d5 7. O-O c5 8. c4 O-O 9. cxd5 Nxd5 10. Nbd2 Nc6 11. Nc4 {A14: English Opening: 1...e6 with b3 by White} Bf6 12. Rc1 $146 ({Predecessor:} 12. Qc1 Nd4 13. Re1 Nxf3+ 14. Bxf3 Rb8 15. a3 Bxb2 16. Qxb2 Ne7 17. Bxb7 Rxb7 18. b4 cxb4 19. axb4 Nf5 20. b5 Nd4 21. Ra4 Qf6 22. Ne5 Rd8 23. Rxd4 {1-0 (23) Svidler,P (2727)-Vitiugov,N (2725) Berlin 2015}) 12... Bxb2 13. Nxb2 {Black is slightly better.} Qf6 14. Qd2 Rad8 15. a3 e5 16. Nc4 Qe7 17. Qb2 {[%cal Rc4e5]} Rfe8 18. Rfd1 $1 f6 19. Nh4 g6 20. Ne3 Nd4 21. b4 Nxe3 (21... cxb4 $15 22. Bxd5+ Bxd5 23. Nxd5 Rxd5 24. axb4 g5) 22. fxe3 $11 Bxg2 23. exd4 Ba8 24. dxc5 bxc5 25. Rxc5 Rd4 (25... Qb7 $14 26. e4 Qd7) 26. Rdc1 $16 Qe6 27. Ng2 Red8 28. Rf1 (28. Qc3 $16) 28... Qb6 29. Qb3+ Kg7 $1 30. Qc3 R8d7 31. Ne3 Qb7 {Strongly threatening ...Qh1+.} 32. Kf2 $1 {Hoping for Rc8.} h5 $2 {[%mdl 8192]} (32... Rxd3 $1 $11 33. exd3 Qf3+ 34. Kg1 Qh1+ 35. Kf2 Qf3+ 36. Kg1 Qh1+ 37. Kf2 Qf3+) 33. Ke1 $2 ({Only move:} 33. Rc8 $1 $18) 33... Qa6 34. Nc2 $36 {[%mdl 2048] White is on the roll.} R4d6 35. Qc4 Qb6 36. Rc8 Bd5 37. Qc5 Qb7 ({Black should play} 37... Bb7 $14 38. Qxb6 axb6) 38. b5 Bg2 39. Rf2 Bh3 40. Nb4 (40. Qc4 Be6 $11) 40... Qh1+ 41. Kd2 Qa1 {[#]} 42. Rc6 $1 {[%cal Rc6d6]} Qb2+ 43. Nc2 Re6 44. Qb4 ({But not} 44. Rc8 $6 Ree7 $11) 44... Qa2 45. Qc4 ({Don't play} 45. Rc8 Ree7 $14) 45... Qxc4 46. Rxc4 a6 47. a4 axb5 48. axb5 Rb7 49. Rb4 Re8 50. Na3 (50. Ne3 $16) 50... Kf7 (50... Reb8 $11) 51. Nc4 {Black must now prevent Nd6+.} Ke7 52. Na5 Rb6 53. Nc4 Rb7 $1 54. b6 {And now Na5 would win.} Ra8 (54... Reb8 $1 $14) 55. Kc3 $18 Ra2 {[#]} 56. d4 (56. Kb3 $1 $18 {[%cal Rb3a2]} Ra1 57. e4) 56... exd4+ $16 57. Kxd4 Be6 58. Kc5 (58. Rf3 $16) 58... Ra8 (58... Rb8 $1 $11 {keeps the balance.}) 59. Kc6 (59. Nd6 $16 Rbb8 60. b7) 59... Rd7 $1 $14 60. e4 Rc8+ 61. Kb5 Rd1 $1 {...Bd7+ is the strong threat.} 62. Ne3 ({Better is} 62. Rd2 $1 $14 Rc1 63. Rd4) 62... Bd7+ $11 {The position is equal.} 63. Ka6 Ra1+ 64. Kb7 {aiming for Nd5+.} Raa8 $1 {[%csl Gc8][%cal Rd7c6]} 65. Rc4 (65. Nd5+ $2 {leads to mate.} Kd8 66. Nxf6 Bc6#) 65... Rcb8+ 66. Kc7 Rc8+ 67. Kb7 Rcb8+ 68. Kc7 {Accuracy: White = 54%, Black = 52%.} 1/2-1/2